Flugziele vom Allgäu-Airport Memmingen (FMM) - Statistiken

Allgemein
  • Dieses Quiz wurde 158 mal gespielt
    82 seit der letzten Aktualisierung
  • Das Durchschnittsergebnis liegt bei 25 aus 53
Antwortstatistiken
Land Airlines Flughafen % Korrekt
Albanien Wizz Air Tirana (TIA)
91%
Irland Ryanair Dublin (DUB)
84%
Bulgarien Ryanair,Wizz Air Sofia (SOF)
83%
Malta Ryanair Malta (MLA)
81%
Italien Ryanair,Wizz Air Rom (FCO)
80%
Lettland Ryanair Riga (RIX)
79%
Großbritannien Ryanair London Stansted (STN)
76%
Bosnien-Herzegowina Ryanair Sarajevo (SJJ)
76%
Portugal Ryanair Porto (OPO)
74%
Serbien Wizz Air Belgrad (BEG)
70%
Nordmazedonien Wizz Air Skopje (SKP)
70%
Rumänien Wizz Air Bukarest (OTP)
69%
Italien Ryanair Palermo (PMO)
69%
Spanien Eurowings,Ryanair Palma de Mallorca (PMI)
69%
Spanien Ryanair Girona (GRO)
67%
Italien Ryanair Neapel (NAP)
67%
Kosovo Wizz Air Pristina (PRN)
66%
Griechenland Aegean,TuiFly Heraklion (HER)
63%
Polen Ryanair Krakau (KRK)
63%
Spanien Ryanair Valencia (VLC)
60%
Portugal Ryanair Faro (FAO)
59%
Montenegro Wizz Air Podgorica (TGD)
59%
Griechenland Ryanair Thessaloniki (SKG)
57%
Griechenland Ryanair Chania (CHQ)
54%
Spanien Ryanair Malaga (AGP)
53%
Griechenland Ryanair,TuiFly Rhodos (RHO)
50%
Bulgarien Wizz Air Varna (VRN)
50%
Spanien Ryanair Alicante (ALC)
46%
Kroatien Ryanair Dubrovnik (DBV)
44%
Spanien Ryanair Teneriffa (TFS)
43%
Kroatien Ryanair Zadar (ZAD)
41%
Bosnien-Herzegowina Ryanair Banja Luka (BNX)
40%
Italien Wizz Air Catania (CTA)
40%
Griechenland Ryanair Korfu (CFU)
40%
Rumänien Wizz Air Cluj-Napoca (CLJ)
39%
Italien Ryanair Pisa (PSA)
30%
Zypern Ryanair Pafos (PFO)
29%
Marokko Ryanair Tangier (TNG)
29%
Kroatien Ryanair Pula (PUY)
27%
Bosnien-Herzegowina Ryanair,Wizz Air Tuzla (TZL)
24%
Rumänien Wizz Air Timisoara (TSR)
23%
Georgien Wizz AIr Kutaisi (KUT)
20%
Italien Ryanair Lamezia Terme (SUF)
20%
Serbien Wizz Air Nis (INI)
20%
Italien Ryanair Brindisi (BDS)
19%
Rumänien Wizz Air Iași (IAS)
19%
Italien Ryanair Alghero (AHO)
17%
Nordmazedonien Wizz Air Ohrid (OHD)
17%
Rumänien Wizz Air Sibiu (SBZ)
16%
Italien Ryanair Pescara (PSR)
13%
Spanien Ryanair Santiago de Compostela (SCQ)
10%
Rumänien Wizz Air Suceava (SCV)
9%
Frankreich Avanti Air,Rhomberg Calvi (CLY)
7%
Keine übereinstimmenden Quizze gefunden
Verteilung der Resultate
Anzahl Personen mit jedem Resultat
Perzentil nach korrekt beantworteten Fragen
Ihre Resultats-Entwicklung
Sie haben dieses Quiz seit der letzten Aktualisierung nicht gespielt